000 00762nam a22002177a 4500
999 _c15407
_d15407
003 AR-CdUCM
008 190427b ||||| |||| 00| 0 spa d
040 _aMUNICIPALIDAD PROVINCIAL DEL CUSCO
_cBIBLIOTECA MUNICIPAL DEL CUSCO
082 _a958.019 /
_bUR87 / 1933
100 _aUrteaga, Horacio
_934471
245 _aEl fin de un imperio /
260 _aLima :
_bLibreria imprenta Gil,
_c1933.
300 _a389 paginas ;
_bIlustraciones
_c23 cm.
505 _aContenido : Las casas flotantes -- En las fronteras del país del oro -- La fundación de san Miguel -- El rey ha muerto...
650 _aHistoria inca
_99202
650 _aPeru
_9429
650 _aSiglo XX
_98
650 _aSantuarios
_934472
942 _2ddc
_cLIBROS
945 _awnts
_d2019-04-27